[Event "NEM sen  2015"]
[Site "Regen"]
[Date "2015.06.21"]
[Round "7"]
[White "Bilyavskyy, Borys"]
[Black "Glatz, Volker"]
[Result "1-0"]
[WhiteElo "1807"]
[BlackElo "1605"]
[PlyCount "61"]
[EventDate "2015.06.18"]
[EventType "tourn"]
[EventRounds "7"]
[SourceDate "2015.06.22"]

1. e4 e6 2. d4 d5 3. Nd2 Nc6 4. c3 Nf6 5. e5 Nd7 6. Ngf3 Ne7 7. Bd3 g6 8. h4 h5
9. Ng5 Nf5 10. Ndf3 Bg7 11. Bxf5 gxf5 12. g3 Nf8 13. Bd2 b6 14. O-O c6 15. Re1
Qd7 16. a4 Ba6 17. Be3 Qe7 18. b4 Rc8 19. Qd2 Rc7 20. Rec1 Bc4 21. Qb2 Nd7 22.
Nh3 Bd3 23. Ne1 Be4 24. f3 Bh6 25. Bxh6 Rxh6 26. fxe4 Rg6 27. Kh2 f4 28. Nxf4
Rg4 29. Kh3 Nf8 30. Nxh5 Ng6 31. Nf6+ 1-0